[Event "Cracovia 2008 op B"]
[Site "Krakow"]
[Date "2008.12.31"]
[Round "5.1"]
[White "Pietocha, Pawel"]
[Black "Griezne, Edvins"]
[Result "1-0"]
[WhiteElo "2090"]
[BlackElo "1972"]
[PlyCount "118"]
[EventDate "2008.??.??"]

1. b3 d5 2. e3 Nf6 3. Bb2 c6 4. c4 Bg4 5. f3 Bf5 6. d3 e6 7. a3 Bg6 8. Nc3 d4
9. exd4 Qxd4 10. Qe2 Qb6 11. b4 Nbd7 12. c5 Qc7 13. d4 Be7 14. g3 O-O 15. f4
Nd5 16. Bg2 a5 17. Kf2 Nxc3 18. Bxc3 axb4 19. axb4 Rxa1 20. Bxa1 Ra8 21. Nf3
Bh5 22. h3 Nf6 23. Re1 Nd5 24. f5 exf5 25. Qc4 Bf8 26. b5 h6 27. Nh4 Ra3 28.
Nxf5 Bg6 29. Bb2 Ra5 30. bxc6 bxc6 31. Nh4 Ne7 32. Nxg6 Nxg6 33. Be4 Ne7 34.
Kg2 Qd7 35. Qc3 Ra7 36. Qf3 Ra2 37. Re2 Qb7 38. Rf2 f5 39. Bxf5 Nxf5 40. Qxf5
Rxb2 41. Qxf8+ Kh7 42. Qf5+ Kh8 43. Rxb2 Qxb2+ 44. Qf2 Qb7 45. h4 Qe7 46. Qf3
Qe6 47. g4 Kg8 48. Kf2 Qa2+ 49. Qe2 Qd5 50. Qe8+ Kh7 51. Qe5 Qa2+ 52. Kf3 Qa4
53. Qe4+ Kh8 54. Kf4 Qa8 55. Qe6 Qf8+ 56. Ke5 Qb8+ 57. Kf5 Qg3 58. Kg6 Qb8 59.
Qf7 Qb1+ 1-0

[Event "Cracovia 2008 op B"]
[Site "Krakow"]
[Date "2008.12.31"]
[Round "5.2"]
[White "Lorek, Milosz"]
[Black "Balinski, Damian"]
[Result "0-1"]
[WhiteElo "1928"]
[BlackElo "1997"]
[PlyCount "78"]
[EventDate "2008.??.??"]

1. e4 d5 2. exd5 Nf6 3. Nc3 Nxd5 4. h3 Bf5 5. Bc4 Nb6 6. Bb3 Nc6 7. Nf3 Na5 8.
O-O Nxb3 9. axb3 e6 10. d4 Be7 11. Bf4 O-O 12. Qe2 Re8 13. Bg3 a6 14. Nd1 Nd5
15. Ne3 Nxe3 16. fxe3 c5 17. e4 Bg6 18. c3 Qb6 19. Ne5 Rad8 20. Nxg6 hxg6 21.
dxc5 Bxc5+ 22. Bf2 Rd7 23. b4 Bxf2+ 24. Rxf2 Red8 25. Kh1 Rd2 26. Qxd2 Rxd2 27.
Rxd2 Qe3 28. Rd8+ Kh7 29. Rd7 f5 30. exf5 gxf5 31. Rxb7 f4 32. b5 a5 33. Rf1 e5
34. b6 Qe2 35. Rf3 Qd1+ 36. Kh2 Qd6 37. Rf2 e4 38. Rf7 e3 39. R2xf4 e2 0-1

[Event "Cracovia 2008 op B"]
[Site "Krakow"]
[Date "2008.12.31"]
[Round "5.3"]
[White "Lis, Marek"]
[Black "Janus, Przemyslaw"]
[Result "1-0"]
[WhiteElo "2003"]
[BlackElo "2048"]
[PlyCount "47"]
[EventDate "2008.??.??"]

1. e4 c5 2. Nf3 d6 3. d4 cxd4 4. Qxd4 Bd7 5. Bc4 Nc6 6. Qd3 g6 7. Qb3 e6 8. Qd3
Qc7 9. c3 a6 10. O-O Na5 11. Bb3 Bb5 12. c4 Nxc4 13. Qc3 e5 14. a4 Rc8 15. axb5
axb5 16. Na3 Qc5 17. Nxc4 bxc4 18. Be3 Qc6 19. Ba4 b5 20. Nxe5 Qa6 21. Bc2 b4
22. Qe1 Qb7 23. Ra7 Qb8 24. Ba4+ 1-0

[Event "Cracovia 2008 op B"]
[Site "Krakow"]
[Date "2008.12.31"]
[Round "5.4"]
[White "Koziej, Maciej"]
[Black "Bes, Michal"]
[Result "1-0"]
[WhiteElo "2022"]
[BlackElo "1967"]
[PlyCount "57"]
[EventDate "2008.??.??"]

1. d4 c5 2. d5 e5 3. e4 d6 4. Nc3 a6 5. a4 Be7 6. Bd3 Bg5 7. Nf3 Bxc1 8. Qxc1
Ne7 9. h3 Ng6 10. Ne2 Nd7 11. a5 O-O 12. g4 Nf6 13. Qe3 b5 14. axb6 Qxb6 15. b3
Re8 16. Nd2 Nf4 17. Kf1 g5 18. Nc4 Qc7 19. f3 h6 20. Qd2 Nd7 21. h4 Nxe2 22.
Qxe2 Nf6 23. hxg5 hxg5 24. Qd2 Nh7 25. Qh2 f6 26. Nxd6 Qxd6 27. Qxh7+ Kf8 28.
Rh6 Qe7 29. Qh8+ 1-0

[Event "Cracovia 2008 op B"]
[Site "Krakow"]
[Date "2008.12.31"]
[Round "5.6"]
[White "Grajczak, Adrian"]
[Black "Markiewicz, Mateusz"]
[Result "1-0"]
[WhiteElo "1970"]
[BlackElo "1947"]
[PlyCount "110"]
[EventDate "2008.??.??"]

1. e4 c5 2. Nf3 Nc6 3. d4 cxd4 4. Nxd4 Nf6 5. Nc3 e5 6. Ndb5 d6 7. Bg5 a6 8.
Na3 b5 9. Nd5 Be6 10. c3 Bxd5 11. Bxf6 Qxf6 12. Qxd5 Rc8 13. Be2 Be7 14. Nxb5
axb5 15. Bxb5 Kd7 16. a4 Rc7 17. a5 Rhc8 18. a6 Ra7 19. Ra4 Qe6 20. Rc4 Kd8 21.
Rxc6 Qxd5 22. Rxc8+ Kxc8 23. exd5 Kc7 24. Ke2 Kb6 25. Bc4 Kc5 26. b3 Bd8 27.
Ra1 f5 28. Ra4 Kb6 29. f3 g6 30. g3 Kc7 31. Bb5 Kb8 32. Bc6 Re7 33. Bb7 Bb6 34.
Rc4 Rc7 35. Bc6 Ka7 36. Ra4 Bg1 37. h3 Bb6 38. Ra1 Re7 39. b4 e4 40. f4 Rc7 41.
c4 Bd4 42. Ra2 Bc3 43. Ra4 Bd4 44. Ra5 Bb6 45. Ra2 Bd4 46. Rc2 Kb6 47. Bb5 Bg1
48. Rd2 Bh2 49. Kf2 e3+ 50. Kxe3 Bxg3 51. Bc6 Be1 52. Rc2 Kxa6 53. c5 Bxb4 54.
Ra2+ Ba5 55. cxd6 Rf7 1-0

[Event "Cracovia 2008 op B"]
[Site "Krakow"]
[Date "2008.12.31"]
[Round "6.1"]
[White "Lis, Marek"]
[Black "Pietocha, Pawel"]
[Result "1/2-1/2"]
[WhiteElo "2003"]
[BlackElo "2090"]
[PlyCount "31"]
[EventDate "2008.??.??"]

1. e4 g6 2. d4 Bg7 3. Nc3 d5 4. Be3 dxe4 5. Nxe4 Nf6 6. Nxf6+ Bxf6 7. c3 O-O 8.
Nf3 Bf5 9. Bc4 Nc6 10. O-O Na5 11. Bb3 Nxb3 12. Qxb3 Qd6 13. Bh6 Rfd8 14. Rfe1
Be6 15. Qc2 Qd5 16. Qe4 1/2-1/2

[Event "Cracovia 2008 op B"]
[Site "Krakow"]
[Date "2008.12.31"]
[Round "6.2"]
[White "Balinski, Damian"]
[Black "Koziej, Maciej"]
[Result "0-1"]
[WhiteElo "1997"]
[BlackElo "2022"]
[PlyCount "90"]
[EventDate "2008.??.??"]

1. d4 d5 2. c4 Nc6 3. Nf3 Bg4 4. cxd5 Bxf3 5. dxc6 Bxc6 6. Nc3 e6 7. e4 Bb4 8.
f3 Qh4+ 9. g3 Qh5 10. Bg2 O-O-O 11. Be3 f5 12. Qb3 Bxc3+ 13. bxc3 fxe4 14. fxe4
Nf6 15. Qxe6+ Kb8 16. Qe5 Qxe5 17. dxe5 Ng4 18. Bd4 Rhe8 19. O-O Nxe5 20. Rae1
g6 21. Rf6 a5 22. Rb1 Ka8 23. Re1 Bb5 24. Bxe5 Rxe5 25. Rf7 Rd7 26. Rxd7 Bxd7
27. Kf2 Be6 28. Re2 Rc5 29. Rc2 b5 30. Bf1 b4 31. c4 Re5 32. Ke3 Rxe4+ 33. Kxe4
Bf5+ 34. Kd4 Bxc2 35. c5 Bb1 36. a3 bxa3 37. Kc3 Ba2 38. g4 Bd5 39. g5 a2 40.
Kb2 a4 41. h4 a3+ 42. Ka1 Kb7 43. Bc4 Bxc4 44. c6+ Kxc6 45. h5 Bd3 0-1

[Event "Cracovia 2008 op B"]
[Site "Krakow"]
[Date "2008.12.31"]
[Round "6.4"]
[White "Stanach, Fabian"]
[Black "Kaczor, Boguslaw"]
[Result "1-0"]
[WhiteElo "2078"]
[BlackElo "2002"]
[PlyCount "95"]
[EventDate "2008.??.??"]

1. e4 c5 2. Nc3 Nc6 3. f4 e6 4. Nf3 d5 5. Bb5 Nge7 6. exd5 Nxd5 7. Bxc6+ bxc6
8. d3 Bd6 9. Ne2 Qc7 10. O-O O-O 11. Ng5 e5 12. f5 h6 13. Ne4 Be7 14. N2g3 Nf6
15. Nxf6+ Bxf6 16. Ne4 Qd8 17. Be3 c4 18. dxc4 Qxd1 19. Raxd1 Be7 20. b3 Rd8
21. g4 Bd7 22. Bc5 Kf8 23. Bxe7+ Kxe7 24. c5 a5 25. a4 Rab8 26. Nd6 Rb4 27. Nc4
f6 28. Rd6 Be8 29. h3 h5 30. Rfd1 Rxd6 31. Rxd6 hxg4 32. hxg4 Bf7 33. Nxa5
Rxg4+ 34. Kf2 Rf4+ 35. Ke3 Bh5 36. Nxc6+ Kf7 37. Nd8+ Ke7 38. Nc6+ Kf7 39. Rd7+
Kf8 40. Ne7 Rf3+ 41. Kd2 Rf2+ 42. Kc3 e4 43. c6 Ke8 44. Nd5 Rxf5 45. Kd4 Re5
46. Rxg7 Kf8 47. c7 Re8 48. Rg8+ 1-0

[Event "Cracovia 2008 op B"]
[Site "Krakow"]
[Date "2008.12.31"]
[Round "6.5"]
[White "Pourramezanali, Amirreza"]
[Black "Lorek, Milosz"]
[Result "1-0"]
[WhiteElo "2077"]
[BlackElo "1928"]
[PlyCount "61"]
[EventDate "2008.??.??"]

1. e4 e5 2. Nf3 Nc6 3. Bc4 Bc5 4. c3 Nf6 5. d3 d6 6. Nbd2 a6 7. Bb3 Ba7 8. h3
O-O 9. Nf1 h6 10. g4 d5 11. Qe2 Be6 12. g5 Nh5 13. gxh6 g6 14. Rg1 dxe4 15.
dxe4 Bxb3 16. axb3 Nf4 17. Bxf4 exf4 18. h4 Qf6 19. h5 Rae8 20. O-O-O Ne5 21.
N1h2 Kh7 22. Nxe5 Qxe5 23. Ng4 Qe6 24. Qc2 Kh8 25. e5 Re7 26. Nf6 Qxe5 27. hxg6
fxg6 28. Rxg6 Bxf2 29. Kb1 Qe3 30. Nd5 Qe2 31. Nxe7 1-0

[Event "Cracovia 2008 op B"]
[Site "Krakow"]
[Date "2008.12.31"]
[Round "6.6"]
[White "Gregulski, Zbigniew"]
[Black "Rusiniak, Slawomir"]
[Result "0-1"]
[WhiteElo "1954"]
[BlackElo "2070"]
[PlyCount "92"]
[EventDate "2008.??.??"]

1. d4 Nf6 2. Nf3 g6 3. g3 Bg7 4. Bg2 O-O 5. O-O d5 6. c4 c6 7. Nc3 dxc4 8. e4
Na6 9. e5 Nd5 10. Qe2 b5 11. Ng5 h6 12. Nh3 Bf5 13. Ne4 Qd7 14. Nf4 Nxf4 15.
Bxf4 Qxd4 16. Rfd1 Qb6 17. Be3 Qc7 18. f4 Nb4 19. g4 Bxe4 20. Bxe4 Rad8 21. a3
Nd5 22. Qf3 Nxe3 23. Qxe3 c5 24. Kf2 g5 25. Bc2 Rd4 26. Rxd4 cxd4 27. Qxd4 Rd8
28. Qe4 Rd2+ 29. Ke1 c3 30. Rd1 Rxd1+ 31. Kxd1 Qd7+ 32. Kc1 cxb2+ 33. Kxb2 Qxg4
34. Qa8+ Bf8 35. e6 Qxe6 36. fxg5 hxg5 37. Qb8 Qf6+ 38. Kb3 Qf3+ 39. Ka2 e6 40.
Bb3 Qe2+ 41. Kb1 Qe1+ 42. Kc2 Qe2+ 43. Kb1 Qd3+ 44. Ka2 a5 45. Qe5 a4 46. Qxg5+
Bg7 0-1

[Event "Cracovia 2008 op B"]
[Site "Krakow"]
[Date "2009.01.02"]
[Round "7.1"]
[White "Koziej, Maciej"]
[Black "Lis, Marek"]
[Result "0-1"]
[WhiteElo "2022"]
[BlackElo "2003"]
[PlyCount "108"]
[EventDate "2008.??.??"]

1. d4 d6 2. e4 e5 3. Nf3 exd4 4. Nxd4 g6 5. Nc3 Bg7 6. h3 Ne7 7. g3 O-O 8. Bg2
Nbc6 9. Nde2 f5 10. O-O Kh8 11. Nf4 Ne5 12. Nfd5 c6 13. Nxe7 Qxe7 14. Re1 fxe4
15. Nxe4 d5 16. Bg5 Qf7 17. f4 dxe4 18. fxe5 Qf2+ 19. Kh2 Bxe5 20. Bh4 Bf5 21.
Re2 Qc5 22. Bxe4 Bxe4 23. Rxe4 Qf2+ 24. Kh1 Bxg3 25. Bxg3 Qxg3 26. Qd4+ Kg8 27.
Re7 Qxh3+ 28. Kg1 Qg3+ 29. Kh1 Qf3+ 30. Kg1 Rf7 31. Rxf7 Qxf7 32. Rf1 Qe6 33.
Rf6 Qd5 34. Qxd5+ cxd5 35. Rd6 Rf8 36. Rxd5 Kg7 37. c4 Rf7 38. b4 Kf6 39. c5
Ke6 40. Rd6+ Ke5 41. Rd3 g5 42. Kg2 g4 43. Rd6 Kf4 44. Rd4+ Kg5 45. b5 Rc7 46.
c6 bxc6 47. Rc4 c5 48. a4 Kh4 49. a5 h5 50. Kh2 Rd7 51. Rxc5 Rd2+ 52. Kg1 Ra2
53. a6 g3 54. Rd5 Kg4 0-1

[Event "Cracovia 2008 op B"]
[Site "Krakow"]
[Date "2009.01.02"]
[Round "7.2"]
[White "Pietocha, Pawel"]
[Black "Stanach, Fabian"]
[Result "1-0"]
[WhiteElo "2090"]
[BlackElo "2078"]
[PlyCount "65"]
[EventDate "2008.??.??"]

1. b3 Nf6 2. Bb2 d5 3. e3 b6 4. d4 e6 5. Nd2 Be7 6. c4 Bb7 7. Qc2 O-O 8. Ngf3
Nbd7 9. Bd3 c5 10. O-O Rc8 11. Ne5 cxd4 12. exd4 h6 13. Ndf3 dxc4 14. bxc4 Nd5
15. a3 Nxe5 16. Nxe5 Bf6 17. Ng4 b5 18. c5 a6 19. Qd2 h5 20. Nxf6+ Nxf6 21. a4
Qd5 22. f3 bxa4 23. Rxa4 Rfd8 24. Re1 Qc6 25. Rb4 Nd5 26. Rb3 Rb8 27. Qg5 Nf6
28. Rb6 Rd5 29. Qg3 Qe8 30. c6 a5 31. Qc7 Rdd8 32. Rxb7 Nd5 33. Qe5 1-0

[Event "Cracovia 2008 op B"]
[Site "Krakow"]
[Date "2009.01.02"]
[Round "7.3"]
[White "Grajczak, Adrian"]
[Black "Pourramezanali, Amirreza"]
[Result "1-0"]
[WhiteElo "1970"]
[BlackElo "2077"]
[PlyCount "112"]
[EventDate "2008.??.??"]

1. e4 e6 2. d3 d5 3. Nd2 Nf6 4. Ngf3 c5 5. g3 g6 6. Bg2 Bg7 7. O-O O-O 8. Re1
Nc6 9. c3 b6 10. Nf1 Bb7 11. e5 Nd7 12. Bf4 f6 13. exf6 Qxf6 14. h4 e5 15. Bg5
Qf7 16. N1h2 c4 17. dxc4 e4 18. Nd2 Qxf2+ 19. Kh1 Nce5 20. Re2 Qxg3 21. Ndf1
Qd3 22. cxd5 h6 23. Be3 Qxd5 24. Qxd5+ Bxd5 25. Ng3 Nf3 26. Rd1 Nf6 27. h5 Bc4
28. Rf2 Nxh2 29. Rxf6 Rxf6 30. Nxe4 Re6 31. Kxh2 Rae8 32. hxg6 Rxg6 33. b3 Ba6
34. Rd7 Rxg2+ 35. Kxg2 Rxe4 36. Kf3 Re6 37. Rxa7 Bd3 38. c4 Be4+ 39. Kf2 h5 40.
Ra6 h4 41. Rxb6 Rxb6 42. Bxb6 Be5 43. Ke2 h3 44. Bg1 h2 45. Bxh2 Bxh2 46. Kd2
Kf7 47. Kc3 Ke6 48. Kb4 Kd6 49. Kb5 Bc6+ 50. Kb4 Bg1 51. a4 Bf2 52. Ka5 Be1+
53. Kb6 Bb4 54. Ka6 Kc7 55. Ka7 Bb7 56. a5 Bc5# 1-0

[Event "Cracovia 2008 op B"]
[Site "Krakow"]
[Date "2009.01.02"]
[Round "7.5"]
[White "Wasik, Piotr"]
[Black "Balinski, Damian"]
[Result "0-1"]
[WhiteElo "1966"]
[BlackElo "1997"]
[PlyCount "73"]
[EventDate "2008.??.??"]

1. e4 d5 2. exd5 Nf6 3. Bb5+ Bd7 4. Bc4 Bg4 5. f3 Bf5 6. Nc3 Nbd7 7. Nge2 Nb6
8. Bb3 Nfxd5 9. Nxd5 Nxd5 10. Nd4 Qd7 11. Nxf5 Qxf5 12. O-O O-O-O 13. d4 e5 14.
Re1 Nf4 15. Bxf4 Qxf4 16. Rxe5 Bd6 17. g3 Qf6 18. Re4 h5 19. Qe2 h4 20. g4 Kb8
21. c4 Qg5 22. h3 f5 23. Re6 fxg4 24. fxg4 Rhf8 25. Rf1 Rxf1+ 26. Qxf1 a6 27.
Qe2 Ka7 28. c5 Bg3 29. d5 Rf8 30. c6 Qc1+ 31. Qd1 Qf4 32. Kh1 Bf2 33. Qf1 Qf3+
34. Qg2 Qd3 35. Kh2 Bg3+ 36. Kh1 Rf1+ 37. Qg1+ 0-1

[Event "Cracovia 2008 op B"]
[Site "Krakow"]
[Date "2009.01.02"]
[Round "7.6"]
[White "Krzyzanowski, Kamil"]
[Black "Griezne, Edvins"]
[Result "0-1"]
[WhiteElo "1828"]
[BlackElo "1972"]
[PlyCount "54"]
[EventDate "2008.??.??"]

1. e4 Nf6 2. e5 Nd5 3. d4 d6 4. c4 Nb6 5. exd6 exd6 6. Nf3 Be7 7. Bd3 Bg4 8. h3
Bh5 9. Be3 Nc6 10. Nbd2 Bf6 11. Qb1 Nb4 12. Bxh7 g6 13. g4 Rxh7 14. gxh5 Rxh5
15. Ne4 Nxc4 16. Nxf6+ Qxf6 17. Qe4+ Kf8 18. O-O-O Qf5 19. Qxf5 Rxf5 20. Bh6+
Kg8 21. b3 Nb6 22. Nh2 Nxa2+ 23. Kb2 Nb4 24. Ng4 N4d5 25. Rhe1 Rf3 26. Ne3
Rxf2+ 27. Kc1 Ra2 0-1

[Event "Cracovia 2008 op B"]
[Site "Krakow"]
[Date "2009.01.03"]
[Round "8.2"]
[White "Griezne, Edvins"]
[Black "Lis, Marek"]
[Result "1/2-1/2"]
[WhiteElo "1972"]
[BlackElo "2003"]
[PlyCount "98"]
[EventDate "2008.??.??"]

1. d4 d6 2. Bg5 h6 3. Bh4 g5 4. Bg3 Bg7 5. c3 Bf5 6. Nd2 Nd7 7. Ngf3 Ngf6 8. e3
O-O 9. Be2 Bg6 10. O-O Nh5 11. Qb3 Rb8 12. Rad1 e6 13. Rfe1 Qe7 14. e4 e5 15.
Bf1 Nf4 16. Nc4 Rfd8 17. Bxf4 exf4 18. e5 d5 19. Na3 Nb6 20. Bd3 Bh5 21. h3 Qe6
22. Be2 g4 23. hxg4 Bxg4 24. Qc2 Kh8 25. Nh2 Bf5 26. Bd3 Bg6 27. Qe2 h5 28. Nf3
Qg4 29. Nb5 Bxd3 30. Rxd3 Ra8 31. Nh2 Qg5 32. Rh3 Bh6 33. Qf3 h4 34. e6 Re8 35.
Re5 f5 36. Nxc7 Nc4 37. Re2 Re7 38. Nxd5 Rg7 39. Kf1 Nd6 40. Ke1 Ne4 41. Kd1
Qxg2 42. Qxg2 Rxg2 43. Rxh4 Kg7 44. e7 Bg5 45. Rh5 Re8 46. Nf3 Bxe7 47. Rxf5
Bd6 48. Ne5 Nxf2+ 49. Kc2 Bxe5 1/2-1/2

[Event "Cracovia 2008 op B"]
[Site "Krakow"]
[Date "2009.01.03"]
[Round "8.3"]
[White "Helaszek, Edward"]
[Black "Balinski, Damian"]
[Result "0-1"]
[WhiteElo "2089"]
[BlackElo "1997"]
[PlyCount "80"]
[EventDate "2008.??.??"]

1. e4 d5 2. exd5 Nf6 3. d4 Nxd5 4. Nf3 g6 5. c4 Nb6 6. c5 Nd5 7. Nc3 Bg7 8. Bc4
c6 9. Qb3 O-O 10. Nxd5 cxd5 11. Bxd5 Nc6 12. Bxc6 bxc6 13. Be3 Be6 14. Qc3 Bd5
15. O-O Bxf3 16. gxf3 Qd5 17. f4 Rad8 18. Rfd1 Qh5 19. Rd3 Rd5 20. Bd2 Rfd8 21.
Be3 e5 22. fxe5 Bxe5 23. f4 Qg4+ 24. Kh1 Qf3+ 25. Kg1 Bxf4 26. Bxf4 Qxf4 27.
Rad1 h5 28. Qd2 Rg5+ 29. Rg3 Rxg3+ 30. hxg3 Qxg3+ 31. Qg2 Qh4 32. d5 cxd5 33.
Rxd5 Re8 34. Qd2 Re1+ 35. Kg2 Qh1+ 36. Kf2 Qf1+ 37. Kg3 Re2 38. Rd8+ Kh7 39.
Qd5 Qf2+ 40. Kh3 Re3+ 0-1

[Event "Cracovia 2008 op B"]
[Site "Krakow"]
[Date "2009.01.03"]
[Round "8.4"]
[White "Balandynowicz, Wojciech"]
[Black "Rusiniak, Slawomir"]
[Result "1/2-1/2"]
[WhiteElo "2026"]
[BlackElo "2070"]
[PlyCount "49"]
[EventDate "2008.??.??"]

1. d4 Nf6 2. c4 g6 3. Nc3 Bg7 4. e4 d6 5. f3 c6 6. Be3 O-O 7. Qd2 e5 8. Nge2
Na6 9. d5 Qe7 10. O-O-O Ne8 11. Kb1 Nac7 12. c5 cxd5 13. Nxd5 Nxd5 14. Qxd5 Be6
15. cxd6 Qd7 16. Qd2 f5 17. Nc3 a6 18. exf5 gxf5 19. Be2 Rc8 20. g4 Rc6 21.
gxf5 Bxf5+ 22. Bd3 Nxd6 23. Ne4 Nxe4 24. fxe4 Be6 25. Be2 1/2-1/2

[Event "Cracovia 2008 op B"]
[Site "Krakow"]
[Date "2009.01.03"]
[Round "8.5"]
[White "Lach, Aleksandra"]
[Black "Koziej, Maciej"]
[Result "0-1"]
[WhiteElo "2050"]
[BlackElo "2022"]
[PlyCount "68"]
[EventDate "2008.??.??"]

1. e4 c5 2. Nf3 e6 3. d3 Nc6 4. Nbd2 d6 5. g3 g6 6. Bg2 Bg7 7. O-O Nge7 8. Re1
O-O 9. Nf1 Rb8 10. Ne3 e5 11. c3 f5 12. exf5 gxf5 13. Ng5 d5 14. f4 h6 15. Nh3
e4 16. Nc2 b5 17. Nf2 b4 18. c4 dxc4 19. dxe4 Qxd1 20. Nxd1 fxe4 21. Bxe4 Bf5
22. Kf2 Nd4 23. Bxf5 Nexf5 24. Nce3 c3 25. bxc3 bxc3 26. g4 Nxe3 27. Nxe3 Rxf4+
28. Kg2 Re4 29. Rh1 Rbe8 30. Kf2 Rf8+ 31. Kg2 c2 32. Nc4 Ne2 33. Nd2 Rxg4+ 34.
Kh3 h5 0-1

[Event "Cracovia 2008 op B"]
[Site "Krakow"]
[Date "2009.01.04"]
[Round "9.1"]
[White "Balinski, Damian"]
[Black "Pietocha, Pawel"]
[Result "0-1"]
[WhiteElo "1997"]
[BlackElo "2090"]
[PlyCount "42"]
[EventDate "2008.??.??"]

1. e4 e6 2. d4 d5 3. exd5 exd5 4. Bd3 Bd6 5. Nf3 Nc6 6. Bg5 f6 7. Bh4 Bg4 8. c3
Qd7 9. Nbd2 Nge7 10. Qc2 O-O-O 11. O-O g5 12. Bg3 h5 13. Bxd6 cxd6 14. h3 Be6
15. b4 g4 16. hxg4 hxg4 17. Nh2 Nf5 18. b5 Qh7 19. f3 g3 20. Rfb1 Qxh2+ 21. Kf1
Ne3+ 0-1

[Event "Cracovia 2008 op B"]
[Site "Krakow"]
[Date "2009.01.04"]
[Round "9.2"]
[White "Lis, Marek"]
[Black "Pourramezanali, Amirreza"]
[Result "0-1"]
[WhiteElo "2003"]
[BlackElo "2077"]
[PlyCount "126"]
[EventDate "2008.??.??"]

1. e4 e6 2. d4 d5 3. e5 c5 4. c3 Nc6 5. Nf3 Bd7 6. Be2 Nh6 7. b3 Nf5 8. Bb2 Be7
9. O-O h5 10. Na3 g5 11. Nc2 g4 12. Nfe1 Rc8 13. Rb1 Qb6 14. Qd3 cxd4 15. cxd4
Rg8 16. Kh1 h4 17. Rd1 a6 18. f3 gxf3 19. Nxf3 Na5 20. Na3 Nc4 21. bxc4 Qxb2
22. c5 Bb5 23. Nxb5 Qxb5 24. Qxb5+ axb5 25. Bxb5+ Kd8 26. Rd3 Rg4 27. Kg1 Ra8
28. a3 Kc7 29. Rfd1 Rag8 30. R1d2 Bf8 31. Kf1 Bh6 32. Re2 Re4 33. Rb3 Rxe2 34.
Bxe2 Ne3+ 35. Ke1 Rxg2 36. Rd3 Nf5 37. Bf1 Rg4 38. Bh3 Re4+ 39. Kf1 Ne3+ 40.
Ke2 Ng2+ 41. Kf2 Nf4 42. Bf1 Nxd3+ 43. Bxd3 Rg4 44. h3 Rg8 45. a4 Bg5 46. Be2
f5 47. Bb5 Be7 48. Bf1 Rg3 49. Ke3 b6 50. cxb6+ Kxb6 51. Kf4 Rg6 52. Bb5 Bd8
53. Be8 Rg7 54. Bb5 Ka5 55. Bc6 Kb4 56. Bb5 Kc3 57. Ba6 Rc7 58. Bb5 Ra7 59. Ng5
Bxg5+ 60. Kxg5 Kxd4 61. Kf6 f4 62. Kxe6 f3 63. Kd6 Ke4 0-1

[Event "Cracovia 2008 op B"]
[Site "Krakow"]
[Date "2009.01.04"]
[Round "9.3"]
[White "Koziej, Maciej"]
[Black "Griezne, Edvins"]
[Result "1-0"]
[WhiteElo "2022"]
[BlackElo "1972"]
[PlyCount "55"]
[EventDate "2008.??.??"]

1. d4 Nc6 2. c4 e5 3. d5 Nce7 4. e4 Ng6 5. Be3 Nf6 6. Nc3 Bb4 7. f3 Qe7 8. g3
O-O 9. Qd3 d6 10. Bh3 c6 11. a3 Bxc3+ 12. Qxc3 cxd5 13. cxd5 Bxh3 14. Nxh3 Qd7
15. Nf2 Rfc8 16. Qd3 a6 17. O-O Ne8 18. Rac1 Ne7 19. Nd1 Rxc1 20. Bxc1 Rc8 21.
Ne3 b5 22. Bd2 g6 23. f4 f6 24. fxe5 dxe5 25. Qe2 Kg7 26. Qf2 Ng8 27. Ng4 Nd6
28. h4 1-0

[Event "Cracovia 2008 op B"]
[Site "Krakow"]
[Date "2009.01.04"]
[Round "9.4"]
[White "Zadlo, Tomasz"]
[Black "Balandynowicz, Wojciech"]
[Result "0-1"]
[WhiteElo "2078"]
[BlackElo "2026"]
[PlyCount "58"]
[EventDate "2008.??.??"]

1. e4 c6 2. d4 d5 3. exd5 cxd5 4. c4 Nf6 5. Nc3 e6 6. Nf3 Be7 7. cxd5 Nxd5 8.
Bc4 Nc6 9. O-O Nxc3 10. bxc3 O-O 11. Re1 Bf6 12. Bf4 b6 13. Bd3 Bb7 14. Re3 Ne7
15. Ne5 Nf5 16. Rh3 g6 17. Ng4 Bg7 18. Bxf5 exf5 19. Ne3 Qd7 20. Bh6 Bxh6 21.
Rxh6 f4 22. Ng4 Qc6 23. f3 Qxc3 24. Rc1 Qb4 25. Rc7 Rfc8 26. Rxb7 Qb2 27. Re7
Rc1 28. Re1 Rxd1 29. Rxd1 Rd8 0-1

[Event "Cracovia 2008 op B"]
[Site "Krakow"]
[Date "2009.01.04"]
[Round "9.6"]
[White "Rusiniak, Slawomir"]
[Black "Daniel, Jiri"]
[Result "1-0"]
[WhiteElo "2070"]
[BlackElo "2007"]
[PlyCount "71"]
[EventDate "2008.??.??"]

1. d4 Nf6 2. Nf3 b6 3. g3 Bb7 4. Bg2 d5 5. O-O e6 6. Ne5 c5 7. c4 cxd4 8. cxd5
Bxd5 9. Qxd4 Nbd7 10. Bxd5 Nxd5 11. Rd1 Rc8 12. Qa4 Rc7 13. e4 N5f6 14. Bf4 Qc8
15. Nc3 a6 16. Nxd7 Rxd7 17. Rac1 Qb7 18. Rxd7 Nxd7 19. Ne2 Bc5 20. b4 b5 21.
Qd1 Bb6 22. Qd6 Bd8 23. Bg5 Qb6 24. Rc6 Qb8 25. Qxb8 Nxb8 26. Rc8 f6 27. Bxf6
gxf6 28. Rxb8 Kd7 29. Ra8 h5 30. Rxa6 h4 31. Nd4 hxg3 32. hxg3 Rh5 33. Nxe6 Be7
34. Nc5+ Bxc5 35. bxc5 Rxc5 36. Rxf6 1-0